Матери семейств. Ч. 2 (Запись № 6099838)

Подробности
000 -МАРКЕР
контрольное поле 01369nam2a22002771 4500
001 - ИДЕНТИФИКАТОР ЗАПИСИ
контрольное поле v19\rc\2103586
005 - ИДЕНТИФИКАТОР ВЕРСИИ
контрольное поле 20250620103325.0
035 ## - ДРУГИЕ СИСТЕМНЫЕ НОМЕРА
Идентификатор записи (NLR Aleph) 005281174
100 ## - ДАННЫЕ ОБЩЕЙ ОБРАБОТКИ
Данные общей обработки 20090914d1825 |||y0rusy50 ca
101 1# - ЯЗЫК РЕСУРСА
Язык текста, звукозаписи и т.д. русский
Язык оригинала французский
102 ## - СТРАНА ПУБЛИКАЦИИ ИЛИ ПРОИЗВОДСТВА
Страна публикации Российская Федерация
105 ## - ПОЛЕ КОДИРОВАННЫХ ДАННЫХ: ТЕКСТОВЫЕ МАТЕРИАЛЫ, МОНОГРАФИЧЕСКИЕ
Кодированные данные о монографическом текстовом документе a z |||||
200 0# - ЗАГЛАВИЕ И СВЕДЕНИЯ ОБ ОТВЕТСТВЕННОСТИ
Основное заглавие Ч. 2
210 ## - ПУБЛИКАЦИЯ, РАСПРОСТРАНЕНИЕ И ДР.
Место издания, распространения и т.д. Санктпетербург
Имя издателя, распространителя и т. д. при Императорской Академии наук
Дата издания, распространения и т.д. 1825
215 ## - ФИЗИЧЕСКАЯ ХАРАКТЕРИСТИКА
Специфическое обозначение материала и объем [4], 380, [2] с., [8] л. ил.
300 ## - ОБЩИЕ ПРИМЕЧАНИЯ
Текст примечания Имеется также грав. тит. л.
461 #0 - УРОВЕНЬ НАБОРА
Встроенное поле 001v19\rc\2103584
-- 2001#$aМатери семейств.$fСочинение г. Бульи, члена многих ученых обществ.$gПеревел с французскаго Иван Соц$vЧ. 2
Системный номер (АБИС) связанной записи 6099822
Автор Буйи, Ж.Н. (1763-1842)
Место публикации Москва
Дата публикации 1825
Первые сведения об ответственности Сочинение г. Бульи, члена многих ученых обществ.
Имя издателя, распространителя и т.д. В типографии Императорскаго Московскаго театра. У содержателя А. Похорскаго
Заглавие Матери семейств.
Номер тома Ч. 2
801 #0 - ИСТОЧНИК ЗАПИСИ
Страна Российская Федерация
Организация NLR
Дата составления 20090914
Правила каталогизации psbo
801 #1 - ИСТОЧНИК ЗАПИСИ
Страна Российская Федерация
Организация ProSoft-M
Дата составления 20090914
Источник данных rusmarc
801 #2 - ИСТОЧНИК ЗАПИСИ
Страна Российская Федерация
Организация NLR
Дата составления 20120320
Источник данных rusmarc
852 ## - МЕСТОНАХОЖДЕНИЕ И ШИФР ХРАНЕНИЯ
Идентификатор организации NLR
Шифр хранения (Call Number) 18.226.3.8(ч.2)
852 ## - МЕСТОНАХОЖДЕНИЕ И ШИФР ХРАНЕНИЯ
Идентификатор организации NLR
Наименование фонда или коллекции (Sub-Location Identifier) РЗФ
Шифр хранения (Call Number) 18 в. 1/33 (ч.2)
942 ## - ДОПОЛНИТЕЛЬНЫЕ ЭЛЕМЕНТЫ ЗАПИСИ (АБИС)
Тип экземпляра АБИС Книга
980 ## - КОЛЛЕКЦИЯ
Название коллекции Национальная библиография
Экземпляры
Тип экземпляра Дата поступления Библиотека постоянного хранения Библиотека текущего хранения Место хранения Шифр хранения Штрих-код Статус экземпляра
Книга 21.06.2024 РНБ (Московский) РНБ (Московский) Резервный фонд РЗФ 18 в. 1/33 (ч.2) 5281174-20  
Книга 26.10.2013 РНБ (Садовая) РНБ (Садовая) Русский книжный фонд -Главное здание, Ленинский читальный зал 18.226.3.8(ч.2) 5281174-10